Modern music: a popular guide to greater musical enjoyment
Salvato in:
| Autori principali: | , |
|---|---|
| Natura: | Libro |
| Lingua: | inglese |
| Pubblicazione: |
Nueva York
Mentor Books
1958
|
| Soggetti: | |
| Tags: |
Aggiungi Tag
Nessun Tag, puoi essere il primo ad aggiungerne!!
|
MARC
| LEADER | 00000nam a2200000 a 4500 | ||
|---|---|---|---|
| 001 | UCW2409 | ||
| 003 | CL-VaPUC | ||
| 005 | 20231024093839.0 | ||
| 008 | 891205e19580000US |||||||||||||||||eng|d | ||
| 999 | |c 216959 |d 216957 | ||
| 040 | |c Pontificia Universidad Católica de Valparaíso | ||
| 082 | 0 | 4 | |a 780.904 HOW 1958 |2 21 |
| 100 | 0 | |a Howard, John Tasker |e author |9 306514 | |
| 245 | 1 | 0 | |a Modern music: a popular guide to greater musical enjoyment |
| 260 | |a Nueva York |b Mentor Books |c 1958 | ||
| 300 | |a 160 p | ||
| 583 | |a last modification |c 19891205 00:00:00 |k Rodrigo Vera | ||
| 650 | 0 | |a Historia de la música |2 CL-VaPUC |9 306741 | |
| 700 | 0 | |a Lyons, James |e author |9 306515 | |
| 942 | |c BK |2 ddc | ||
| 945 | |d 19891205 00:00:00 | ||